000 00816nam a2200241Ia 4500
003 OSt
005 20221005113449.0
006 a|||||r|||| 00| 0
007 ta
008 221004b |||||||| |||| 00| 0 pan d
020 _a9788178836621 (hbk)
_c150
024 _a105047
037 _b7830/VIII/A, 31/01/2011, Arsee Publishers
_cTextual
040 _aCRL
_cCRL
_bpan
041 _2pan
_apan
082 _aO153,3:g, Q0
100 _aਜਸਪਾਲ ਕੌਰ
245 0 _aਪਾਠੑਸਿਧਾਂਤ ਤੇ ਪਾਠਕੀ ਪ੍ਰਵਚਨ
260 _aਲੁਧਿਆਣਾ
_bਚੇਤਨਾ ਭਾਰਤ
_c2010
300 _a131ਪੰ
_ccm.
942 _hO153,3:g, Q0
_cTEXL
_2cc
999 _c1028280
_d1028280